First Lines of Pink Floyd Songs - Statistics

General Stats
  • This quiz has been taken 56 times
  • The average score is 6 of 12
Answer Stats
Hint Answer % Correct
Ticking away, the moments that make up a dull day Time
92%
We don't need no education Another Brick In The Wall, Pt. 2
90%
Remember when you were young, you shone like the sun Shine On You Crazy Diamond
90%
Overhead the albatross hangs motionless above the air Echoes
75%
All that you touch, and all that you see Eclipse
62%
Emily tires, but misunderstands See Emily Play
60%
Hopelessly passing your time in the grassland away Sheep
44%
You say the hill's too steep to climb, chiding Fearless
35%
Would you like to say something before you leave Summer '68
19%
Through the fish-eyed lens of tear stained eyes The Final Cut
17%
As you look around this room tonight What Do You Want From Me?
17%
Down, down. Down, down. Careful With That Axe, Eugene
2%
No matching quizzes found
Score Distribution
Percent of People with Each Score
Percentile by Number Answered
Your Score History
You have not taken this quiz